000 00280nam a2200109Ia 4500
005 20251222114400.0
008 251222s1900||||xx |||||||||||||| ||spa||
082 _aDVD0093/J93P/2006
245 0 _aLa verdad sobre la pĂ­ldora (AOE)
264 _bFajardo Olivares, Walter
942 _cDVD
999 _c1616
_d1616